| 000 | 01255nam a22002777a 4500 | ||
|---|---|---|---|
| 003 | OSt | ||
| 005 | 20180116192412.0 | ||
| 008 | 121207t1990 xxu||||| |||| 00| 0 eng d | ||
| 020 | _a9780262132541 | ||
| 020 | _a0262132540 | ||
| 040 | _c0 | ||
| 082 | _a720.285 | ||
| 245 | 0 | 4 |
_aThe Electronic design studio : _barchitectural knowledge and media in the computer era / _cedited by Malcolm McCullough, William J. Mitchell, and Patrick Purcell. |
| 260 |
_aCambridge, Mass. : _bMIT Press, _cc1990. |
||
| 300 |
_aviii, 505 p. : _b ill. ; _c27 cm. |
||
| 500 | _a "Initially presented at the CAAD Futures 89 Conference ... jointly sponsored by the Harvard Graduate School of Design and the MIT Department of Architecture and held in Cambridge, Massachusetts in July 1989"--Pref. | ||
| 504 | _a Includes bibliographical references and index. | ||
| 650 |
_aArchitectural design _xData processing. _96091 |
||
| 650 |
_aComputer-aided design. _96092 |
||
| 650 |
_aArchitectural design _cStudy and teaching. _96093 |
||
| 700 | 1 |
_a McCullough, Malcolm. _96094 |
|
| 700 | 1 |
_a Mitchell, William J. _d1944-2010. _q (William John), _96095 |
|
| 700 | 1 |
_a Purcell, Patrick. _96096 |
|
| 942 |
_2ddc _cBK |
||
| 999 |
_c353587 _d353587 |
||